000 00266nam a22001217a 4500
008 180308b xxu||||| |||| 00| 0 eng d
041 _aeng
080 _a32
100 _a23
101 _aPOL
245 _aBUREAUCRATIC GOVERNM,ENT USA
_cDAVID.N
942 _2udc
_cBK
999 _c44473
_d44473